Endit Quiz Stats

 Plays Quiz not verified by Sporcle

Support Sporcle.
Go Orange.
Score 0/20 Timer 03:00
0 Plays Today
Question Answer % Correct
Website: Facebook
100%
Website: Google
100%
Website: YouTube
100%
Website: Twitter
100%
Company: Gillette
100%
Flim: Triangle
100%
Website: Flickr
83.3%
Company: Adidas
83.3%
Company: Penguin
83.3%
Company: Nestle
83.3%
Question Answer % Correct
Car Manufacturer: Ferrari
83.3%
Car Manufacturer: Nissan
83.3%
Car Manufacturer: Ford
66.7%
Car Manufacturer: Volvo
66.7%
Flim: Hancock
66.7%
Flim: Watchmen
66.7%
Flim: Aladdin
66.7%
Flim: Scarface
66.7%
Car Manufacturer: _bmw
50%
Company: Santander
33.3%

You're not logged in!

Compare scores with friends on all Sporcle quizzes.
OR
Log In

From the Vault

True or False: Science

by bazmerelda

We hope you're not blinded by it.
Remove Ads.
Support Sporcle.
Get the best of Sporcle when you Go Orange. This ad-free experience offers more features, more stats, and more fun while also helping to support Sporcle. Thank you for becoming a member.

Show Comments

Extras

Created Mar 17, 2012ReportNominate
Tags:end, finish, last

Top Quizzes Today


Score Distribution

Your Account Isn't Verified!

In order to create a playlist on Sporcle, you need to verify the email address you used during registration. Go to your Sporcle Settings to finish the process.

Report this User

Report this user for behavior that violates our Community Guidelines.

Details: